Historický summit priniesol Slovensku pozvánku
Summit členských krajín NATO priniesol siedmim bývalým socialistickým krajinám, vrátane Slovenska, očakávanú pozvánku do aliancie. Pozvané krajiny očakávajú rast atraktívnosti svojich ekonomík pre zahraničných investorov. Ide o najvýznamnejšie rozšírenie NATO v histórii. Nové úlohy NATO. Rozdielne n...
Saved in:
| Main Author: | |
|---|---|
| Format: | Book Chapter |
| Language: | Slovak |
| Subjects: | |
| Tags: |
No Tags, Be the first to tag this record!
|
MARC
| LEADER | 00000naa a2200000 4500 | ||
|---|---|---|---|
| 001 | r047183 | ||
| 005 | 20230921113622.3 | ||
| 041 | 0 | |a slo | |
| 044 | |a SK | ||
| 245 | 1 | 0 | |a Historický summit priniesol Slovensku pozvánku |c Roman Schönwiesner |
| 520 | |a Summit členských krajín NATO priniesol siedmim bývalým socialistickým krajinám, vrátane Slovenska, očakávanú pozvánku do aliancie. Pozvané krajiny očakávajú rast atraktívnosti svojich ekonomík pre zahraničných investorov. Ide o najvýznamnejšie rozšírenie NATO v histórii. Nové úlohy NATO. Rozdielne názory členov NATO na vojenský zásah v Iraku. | ||
| 610 | 2 | 0 | |a summity |
| 610 | 2 | 0 | |a vojenstvo |
| 610 | 2 | 0 | |a Slovensko |
| 610 | 2 | 0 | |a USA |
| 610 | 2 | 0 | |a NATO |
| 610 | 2 | 0 | |a Praha |
| 610 | 2 | 0 | |a 2002 |
| 610 | 2 | 0 | |a Irak |
| 100 | 1 | |a Schönwiesner, Roman | |